National integration and local integrity : the Miri of the Nuba mountains in the Sudan /

Bibliographic Details
Main Author: Baumann, Gerd
Format: Book
Language:English
Published: Oxford : Clarendon, 1987.
Subjects:

MARC

Tag First Indicator Second Indicator Subfields
LEADER 00000cam a22000008a 4500
001 in00000033018
005 20151007055105.0
008 870617s1987 enka b 00110 eng d
010 |a gb 87033398  
015 |a GB87-33398 
020 |a 0198234015 :  |c £30.00 (Dec.) 
035 |a (OCoLC)16469433 
035 |9 AAB7227AM 
040 |a UKM  |c UKM  |d TXA  |d UtOrBLW 
043 |a f-sj--- 
049 |a TXAM  |c [A11498491] 
050 1 0 |a DT155.2.M5 
050 4 |a DT159.9.M56  |b B38 1987b 
082 0 |a 305.8/93  |2 19 
100 1 |a Baumann, Gerd. 
245 1 0 |a National integration and local integrity :  |b the Miri of the Nuba mountains in the Sudan /  |c Gerd Baumann. 
264 1 |a Oxford :  |b Clarendon,  |c 1987. 
300 |a 225 pages, 8 unnumbered pages of plates :  |b illustrations ;  |c 22 cm. 
336 |a text  |b txt  |2 rdacontent 
337 |a unmediated  |b n  |2 rdamedia 
338 |a volume  |b nc  |2 rdacarrier 
504 |a Bibliography: pages [215]-220. 
500 |a Includes index. 
650 0 |a Miri (African people) 
651 0 |a Miri Bara (Sudan)  |x Social life and customs. 
651 0 |a Sudan  |x Ethnic relations. 
650 0 |a Nubians  |z Sudan  |x Ethnic identity. 
650 0 |a Nubians  |z Sudan  |x Social life and customs. 
999 |a MARS 
999 f f |s fba04b92-b1ff-39a4-8614-fefb0d6c84eb  |i 7b9e6666-7341-3cef-8d94-c3240b62cb27  |t 0 
952 f f |p ric  |a Texas A&M University  |b Rellis Campus  |c Joint Library Facility  |d Remote Storage  |t 0  |e DT159.9.M56 B38 1987b  |h Library of Congress classification  |i unmediated -- volume  |m A14811498491 
998 f f |a DT159.9.M56 B38 1987b  |t 0  |l Remote Storage